000 00507nam a2200181Ia 4500
008 090123s9999 xx 000 0 und d
082 _b617
100 _aखांडेकर वि.स.
245 _aमंजिऱ्या
250 _a2
260 _bदेशमुख रा.ज.
300 _a105
600 _aखांडेकर वि.स.
630 _aमंजिऱ्या
700 _aखांडेकर वि.स.
730 _aमंजिऱ्या
942 _cBOOK
999 _c38704
_d38704